00263 2200109 4500001002100000005001500021035002400036090002100060245003500081260002700116990001000143YOGYA00000000008166420140823100931 0010-081400000081381 a745. 5 Gar S (1) aSeni Kerajina BambucOho Garha aBandungbAngkasac1990 a055-P